000 00537nam a2200169Ia 4500
008 090201s9999 xx 000 0 und d
010 _aKPL-63169
040 _bमराठी
041 _aमराठी
082 _a3668
_b63169
100 _aअरुण हरकारे
245 _aकोळयाचं जाळं
_cअरुण हरकारे
260 _c2004
_bअक्षता पब्लिकेशन
300 _a192
_bमोठा
600 _aकोळयाचं जाळं
942 _cBOOK
999 _c204790
_d204790